000 00651nam a2200229Ia 4500
003 OSt
005 20220926033907.0
006 a|||||r|||| 00| 0
007 ta
008 220923b |||||||| |||| 00| 0 eng d
037 _cGeneral Book
040 _aRTL
_cRTL
_beng
041 _2eng
_aeng
082 _aYb4.2.N6, K6
100 _aJayaprakash Narayan ,etc
_9339679
245 0 _aTasks of social research
260 _aVaranasi
_bSugata Dasgupta
_c1966
300 _a44p
_ccm.
490 _aGandhian Institute Publication . 10
942 _hYb4.2.N6, K6
_cGB
_2CC
999 _c658208
_d658208